000 00262nam a2200109Ia 4500
008 190914s9999||||xx |||||||||||||| ||und||
100 _aEdward Shapiro
245 0 _aMacroeconomics Analysis
260 _aCanada
_bPrentice Hall
_c2002
300 _a134
942 _cBK
999 _c9853
_d9853